Harry Potter Trivia #H - Statistics

General Stats
  • This quiz has been taken 49 times
  • The average score is 10 of 15
Answer Stats
Hint Answer % Correct
Smartest witch of her age Hermione Granger
98%
School of Witchcraft and Wizardry Hogwarts
98%
Harrys owl Hedwig
95%
Nevilles favorite subject Herbology
86%
Voldemort creates seven __, splitting up his soul Horcruxes
86%
House in the above Hufflepuff
86%
Friendly Half-Giant Hagrid
84%
Harry obtains the potions book of this ominous person Half-Blood Prince
80%
Flying teacher Madam Hooch
57%
Nearly Headless Nick cant join the __ __ Headless Hunt
52%
Sweets shop in Hogsmeade Honeydukes
50%
What Grawp calls her Hermy
48%
Where Dumbledores Army is created Hogs Head
41%
Percys owl Hermes
34%
Name of the elderly witch, Voldemort murders and steals two objects from Hepzibah Smith
25%
No matching quizzes found
Score Distribution
Percent of People with Each Score
Percentile by Number Answered
Your Score History
You have not taken this quiz